000 00668nam a2200217 4500
003 OSt
005 20240723012130.0
006 a
008 240723b |||||||| |||| 00| 0 eng d
020 _a9780333990766
040 _aDWCL-Main lib.
_cOC
082 _aCirc. 425 Em54b 2002
100 _aEmmerson, Paul
245 _aBusiness grammar builder /
260 _aOxford :
_bMcMillan Education,
_cc2002.
300 _b272 p. : il.:
_c28 cm.
650 _a1. English language - Grammar.
650 _a2. English language - Grammar - Problems, exercises, etc.
650 _a3. English language - Grammar - Study and teaching.
942 _2ddc
_n0
_cBK-CIRC
_kCirc.
999 _c2562
_d2562